000 00462nam a2200181Ia 4500
003 OSt
005 20250219150849.0
008 210210b xxu||||| |||| 00| 0 eng d
040 _cAL
041 _akan
082 _a859/950
100 _aNAGARAJA RAV (C K)
_9145577
_dನಾಗರಾಜ ರಾವ್ (ಸಿ ಕೆ )
245 _aSangama:
_bಸಂಗಮ
260 _aBengaluru
_b-
690 _aKannada Fiction
_9145578
906 _a021700
942 _2ddc
_cBK
999 _c145796
_d145796